Dla jakiego klubu nie grał #1 - Statystyki

Ogólne statystyki
  • Ten quiz został rozwiązany 115 razy
  • Średni wynik to 6 z 8
Statystyki odpowiedzi
Zagadnienie Odpowiedź % Poprawnych
Dla jakiego klubu nie grał Cristiano Ronaldo Manchester City
98%
Dla jakiego klubu nie grał Robert Lewandowski Polonia Warszawa
88%
Dla jakiego klubu nie grał Arkadiusz Milik Wisła Kraków
87%
Dla jakiego klubu nie grał Krystian Bielik Chelsea
84%
Dla jakiego klubu nie grał Ronaldo Nazario Ajax Amsterdam
78%
Dla jakiego klubu nie grał Antoine Griezmann AJ Auxerre
73%
Dla jakiego klubu nie grał Carlos Tevez Guangzhou Evergrande
49%
Dla jakiego klubu nie grał Kazimierz Deyna Polonia Warszawa
48%
Nie znaleziono quizów pasujących do podanych kryteriów
Rozkład punktacji
Procent ludzi z każdym wynikiem
Percentyl według liczby udzielonych odpowiedzi
Twoja historia wyników
Nie rozwiązałeś tego quizu